<?xml version="1.0" encoding="UTF-8"?>
<collection xmlns="http://www.loc.gov/MARC21/slim">
 <record>
  <leader>02167nam a22002897a 4500</leader>
  <controlfield tag="001">NCT_3140</controlfield>
  <controlfield tag="008">171012b        xxu||||| |||| 00| 0 vie d</controlfield>
  <datafield tag="999" ind1=" " ind2=" ">
   <subfield code="c">160</subfield>
   <subfield code="d">160</subfield>
  </datafield>
  <datafield tag="020" ind1=" " ind2=" ">
   <subfield code="c">83000</subfield>
  </datafield>
  <datafield tag="082" ind1=" " ind2=" ">
   <subfield code="2">23rd ed.</subfield>
   <subfield code="a">541.2</subfield>
   <subfield code="b">A105</subfield>
  </datafield>
  <datafield tag="100" ind1="1" ind2=" ">
   <subfield code="a">Phan An</subfield>
  </datafield>
  <datafield tag="245" ind1="0" ind2="0">
   <subfield code="a">Hóa học cơ sở</subfield>
   <subfield code="b">Sách đào tạo sinh viên hệ cử nhân</subfield>
   <subfield code="c">Phan An</subfield>
  </datafield>
  <datafield tag="260" ind1=" " ind2=" ">
   <subfield code="a">H.</subfield>
   <subfield code="b">Y Học</subfield>
   <subfield code="c">2012</subfield>
  </datafield>
  <datafield tag="300" ind1=" " ind2=" ">
   <subfield code="a">281 Tr.</subfield>
   <subfield code="c">27 cm</subfield>
  </datafield>
  <datafield tag="520" ind1=" " ind2=" ">
   <subfield code="a">Gồm 2 tập: hóa Đại Cương và Hóa Vơ Cơ và Hữu Cơ</subfield>
  </datafield>
  <datafield tag="942" ind1=" " ind2=" ">
   <subfield code="2">ddc</subfield>
   <subfield code="c">BK</subfield>
  </datafield>
  <datafield tag="952" ind1=" " ind2=" ">
   <subfield code="0">0</subfield>
   <subfield code="1">0</subfield>
   <subfield code="2">ddc</subfield>
   <subfield code="4">0</subfield>
   <subfield code="6">541_200000000000000_A105</subfield>
   <subfield code="7">0</subfield>
   <subfield code="9">899</subfield>
   <subfield code="a">000001</subfield>
   <subfield code="b">000001</subfield>
   <subfield code="d">2017-10-12</subfield>
   <subfield code="l">1</subfield>
   <subfield code="o">541.2 A105</subfield>
   <subfield code="p">MD.00956</subfield>
   <subfield code="r">2018-11-16</subfield>
   <subfield code="s">2018-11-02</subfield>
   <subfield code="v">83000.00</subfield>
   <subfield code="w">2017-10-12</subfield>
   <subfield code="y">BK</subfield>
  </datafield>
  <datafield tag="952" ind1=" " ind2=" ">
   <subfield code="0">0</subfield>
   <subfield code="1">0</subfield>
   <subfield code="2">ddc</subfield>
   <subfield code="4">0</subfield>
   <subfield code="6">541_200000000000000_A105</subfield>
   <subfield code="7">0</subfield>
   <subfield code="9">900</subfield>
   <subfield code="a">000001</subfield>
   <subfield code="b">000001</subfield>
   <subfield code="d">2017-10-12</subfield>
   <subfield code="o">541.2 A105</subfield>
   <subfield code="p">MD.00957</subfield>
   <subfield code="r">2017-10-12</subfield>
   <subfield code="v">83000.00</subfield>
   <subfield code="w">2017-10-12</subfield>
   <subfield code="y">BK</subfield>
  </datafield>
  <datafield tag="952" ind1=" " ind2=" ">
   <subfield code="0">0</subfield>
   <subfield code="1">0</subfield>
   <subfield code="2">ddc</subfield>
   <subfield code="4">0</subfield>
   <subfield code="6">541_200000000000000_A105</subfield>
   <subfield code="7">0</subfield>
   <subfield code="9">901</subfield>
   <subfield code="a">000001</subfield>
   <subfield code="b">000001</subfield>
   <subfield code="d">2017-10-12</subfield>
   <subfield code="l">1</subfield>
   <subfield code="o">541.2 A105</subfield>
   <subfield code="p">MD.00958</subfield>
   <subfield code="r">2018-01-31</subfield>
   <subfield code="s">2018-01-03</subfield>
   <subfield code="v">83000.00</subfield>
   <subfield code="w">2017-10-12</subfield>
   <subfield code="y">BK</subfield>
  </datafield>
  <datafield tag="952" ind1=" " ind2=" ">
   <subfield code="0">0</subfield>
   <subfield code="1">0</subfield>
   <subfield code="2">ddc</subfield>
   <subfield code="4">0</subfield>
   <subfield code="6">541_200000000000000_A105</subfield>
   <subfield code="7">0</subfield>
   <subfield code="9">902</subfield>
   <subfield code="a">000001</subfield>
   <subfield code="b">000001</subfield>
   <subfield code="d">2017-10-12</subfield>
   <subfield code="l">2</subfield>
   <subfield code="m">1</subfield>
   <subfield code="o">541.2 A105</subfield>
   <subfield code="p">MD.00959</subfield>
   <subfield code="r">2019-09-10</subfield>
   <subfield code="s">2019-08-12</subfield>
   <subfield code="v">83000.00</subfield>
   <subfield code="w">2017-10-12</subfield>
   <subfield code="y">BK</subfield>
  </datafield>
  <datafield tag="952" ind1=" " ind2=" ">
   <subfield code="0">0</subfield>
   <subfield code="1">0</subfield>
   <subfield code="2">ddc</subfield>
   <subfield code="4">0</subfield>
   <subfield code="6">541_200000000000000_A105</subfield>
   <subfield code="7">0</subfield>
   <subfield code="9">903</subfield>
   <subfield code="a">000001</subfield>
   <subfield code="b">000001</subfield>
   <subfield code="d">2017-10-12</subfield>
   <subfield code="o">541.2 A105</subfield>
   <subfield code="p">MD.00960</subfield>
   <subfield code="r">2017-10-12</subfield>
   <subfield code="v">83000.00</subfield>
   <subfield code="w">2017-10-12</subfield>
   <subfield code="y">BK</subfield>
  </datafield>
  <datafield tag="952" ind1=" " ind2=" ">
   <subfield code="0">0</subfield>
   <subfield code="1">0</subfield>
   <subfield code="2">ddc</subfield>
   <subfield code="4">0</subfield>
   <subfield code="6">541_200000000000000_A105</subfield>
   <subfield code="7">0</subfield>
   <subfield code="9">904</subfield>
   <subfield code="a">000001</subfield>
   <subfield code="b">000001</subfield>
   <subfield code="d">2017-10-12</subfield>
   <subfield code="l">2</subfield>
   <subfield code="o">541.2 A105</subfield>
   <subfield code="p">MD.00961</subfield>
   <subfield code="r">2019-01-17</subfield>
   <subfield code="s">2019-01-03</subfield>
   <subfield code="v">83000.00</subfield>
   <subfield code="w">2017-10-12</subfield>
   <subfield code="y">BK</subfield>
  </datafield>
  <datafield tag="952" ind1=" " ind2=" ">
   <subfield code="0">0</subfield>
   <subfield code="1">0</subfield>
   <subfield code="2">ddc</subfield>
   <subfield code="4">0</subfield>
   <subfield code="6">541_200000000000000_A105</subfield>
   <subfield code="7">0</subfield>
   <subfield code="9">905</subfield>
   <subfield code="a">000001</subfield>
   <subfield code="b">000001</subfield>
   <subfield code="d">2017-10-12</subfield>
   <subfield code="l">3</subfield>
   <subfield code="m">1</subfield>
   <subfield code="o">541.2 A105</subfield>
   <subfield code="p">MD.00962</subfield>
   <subfield code="r">2019-01-30</subfield>
   <subfield code="s">2019-01-17</subfield>
   <subfield code="v">83000.00</subfield>
   <subfield code="w">2017-10-12</subfield>
   <subfield code="y">BK</subfield>
  </datafield>
  <datafield tag="952" ind1=" " ind2=" ">
   <subfield code="0">0</subfield>
   <subfield code="1">0</subfield>
   <subfield code="2">ddc</subfield>
   <subfield code="4">0</subfield>
   <subfield code="6">541_200000000000000_A105</subfield>
   <subfield code="7">0</subfield>
   <subfield code="9">906</subfield>
   <subfield code="a">000001</subfield>
   <subfield code="b">000001</subfield>
   <subfield code="d">2017-10-12</subfield>
   <subfield code="o">541.2 A105</subfield>
   <subfield code="p">MD.00963</subfield>
   <subfield code="r">2017-12-13</subfield>
   <subfield code="v">83000.00</subfield>
   <subfield code="w">2017-10-12</subfield>
   <subfield code="y">BK</subfield>
  </datafield>
  <datafield tag="952" ind1=" " ind2=" ">
   <subfield code="0">0</subfield>
   <subfield code="1">0</subfield>
   <subfield code="2">ddc</subfield>
   <subfield code="4">0</subfield>
   <subfield code="6">541_200000000000000_A105</subfield>
   <subfield code="7">0</subfield>
   <subfield code="9">9810</subfield>
   <subfield code="a">000001</subfield>
   <subfield code="b">000001</subfield>
   <subfield code="d">2018-06-08</subfield>
   <subfield code="o">541.2 A105</subfield>
   <subfield code="p">MD.08660</subfield>
   <subfield code="r">2018-06-08</subfield>
   <subfield code="v">83000.00</subfield>
   <subfield code="w">2018-06-08</subfield>
   <subfield code="y">BK</subfield>
  </datafield>
  <datafield tag="952" ind1=" " ind2=" ">
   <subfield code="0">0</subfield>
   <subfield code="1">0</subfield>
   <subfield code="2">ddc</subfield>
   <subfield code="4">0</subfield>
   <subfield code="6">541_200000000000000_A105</subfield>
   <subfield code="7">0</subfield>
   <subfield code="9">16252</subfield>
   <subfield code="a">000001</subfield>
   <subfield code="b">000001</subfield>
   <subfield code="d">2019-03-13</subfield>
   <subfield code="o">541.2 A105</subfield>
   <subfield code="p">MD.14942</subfield>
   <subfield code="r">2019-03-13</subfield>
   <subfield code="v">83000.00</subfield>
   <subfield code="w">2019-03-13</subfield>
   <subfield code="y">BK</subfield>
  </datafield>
  <datafield tag="980" ind1=" " ind2=" ">
   <subfield code="a">Thư viện Trường Đại học Nam Cần Thơ</subfield>
  </datafield>
 </record>
</collection>
